Làng nghề - Phố nghề Thăng Long - Hà Nội
Nội dung sách bao gồm 2 phần: Phần I: Nghề, làng nghề, phố nghề Thăng Long - Hà Nội gồm 3 chương: Chương I - Thăng Long - Hà Nội, đất thiêng của muôn đời; Chương II - Đôi nét về nghề thủ công Việt Nam; Chương III - Nghề, làng nghề, phố nghe...
Αποθηκεύτηκε σε:
| Κύριος συγγραφέας: | |
|---|---|
| Μορφή: | Βιβλίο |
| Γλώσσα: | Undetermined |
| Έκδοση: |
Hà Nội
Đại học Quốc gia Hà Nội
2010
|
| Θέματα: | |
| Ετικέτες: |
Προσθήκη ετικέτας
Δεν υπάρχουν, Καταχωρήστε ετικέτα πρώτοι!
|
| Thư viện lưu trữ: | Trung tâm Học liệu Trường Đại học Cần Thơ |
|---|
| LEADER | 01168nam a2200205Ia 4500 | ||
|---|---|---|---|
| 001 | CTU_164098 | ||
| 008 | 210402s9999 xx 000 0 und d | ||
| 082 | |a 745.1597 | ||
| 082 | |b V561 | ||
| 100 | |a Trần, Quốc Vượng | ||
| 245 | 0 | |a Làng nghề - Phố nghề Thăng Long - Hà Nội | |
| 245 | 0 | |c Trần Quốc Vượng, Đỗ Thị Hảo | |
| 260 | |a Hà Nội | ||
| 260 | |b Đại học Quốc gia Hà Nội | ||
| 260 | |c 2010 | ||
| 520 | |a Nội dung sách bao gồm 2 phần: Phần I: Nghề, làng nghề, phố nghề Thăng Long - Hà Nội gồm 3 chương: Chương I - Thăng Long - Hà Nội, đất thiêng của muôn đời; Chương II - Đôi nét về nghề thủ công Việt Nam; Chương III - Nghề, làng nghề, phố nghề Thăng Long - Hà Nội; Chương IV - Nghề thủ công Thăng Long - Hà Nội và Phần II: Phụ lục | ||
| 650 | |a Folk art,Nghệ thuật truyền thống | ||
| 650 | |z Vietnam,Việt Nam | ||
| 904 | |i HPTVi,Qhieu | ||
| 980 | |a Trung tâm Học liệu Trường Đại học Cần Thơ | ||